[Event "PRO League Group Stage"]
[Site "chess.com INT"]
[Date "2020.01.23"]
[Round "3"]
[White "Hammer, Jon Ludvig"]
[Black "Mons, Leon"]
[Result "1-0"]
[WhiteTitle "GM"]
[BlackTitle "GM"]
[WhiteElo "2628"]
[BlackElo "2554"]
[WhiteTeam "Norway Gnomes"]
[BlackTeam "Germany Bears"]
[WhiteFideId "1503707"]
[BlackFideId "4614950"]
[EventDate "2020.01.06"]

1. c4 e6 2. Nc3 d5 3. d4 Be7 4. Nf3 Nf6 5. g3 O-O 6. Bg2 dxc4 7. Ne5 Nc6 8. Bxc6
bxc6 9. Nxc6 Qe8 10. Nxe7+ Qxe7 11. Qa4 c5 12. dxc5 Qxc5 13. Be3 Qc7 14. Rd1 Bb7
15. O-O Nd5 16. Nxd5 exd5 17. Bd4 Rfe8 18. Qc2 Re6 19. f3 Rae8 20. Rf2 a6 21.
Rd2 Qe7 22. Qf5 Bc6 23. h4 Rg6 24. Rg2 Qe6 25. Qxe6 Rgxe6 26. g4 Bb5 27. Kf1 f6
28. Bc3 Bc6 29. g5 f5 30. h5 Rd8 31. Rd4 Be8 32. Rh2 g6 33. hxg6 Bxg6 34. Kf2
Kf7 35. Rh1 Red6 36. Rhd1 Ke6 37. Ke3 Rb8 38. Kf4 Rd7 39. Rh1 Re8 40. Rd2 Kd6
41. Rc1 Ke6 42. Bd4 Kf7 43. Rc3 Rc8 44. Ra3 Rc6 45. Ra5 Ke6 46. Rc2 Rb7 47. Rc3
Rb5 48. Re3+ Kd6 49. Ra4 Rb7 50. Bc3 Rb5 51. Bb4+ Kc7 52. Bc3 Kd6 53. Re5 Rcb6
54. a3 Rc6 55. Rb4 Rcb6 56. Rxb5 axb5 57. Bb4+ Kc6 58. Ke3 Rb8 59. Re6+ Kc7 60.
Rd6 Re8+ 61. Kf2 Rd8 62. Rxg6 hxg6 63. Ba5+ Kd7 64. Bxd8 Kxd8 65. Ke3 Kd7 66.
Kd4 Kd6 67. f4 Kc6 68. Ke5 Kc5 69. e3 c3 70. bxc3 Kc4 71. Kf6 Kxc3 72. Kxg6 1-0

[Event "PRO League Group Stage"]
[Site "chess.com INT"]
[Date "2020.01.23"]
[Round "3"]
[White "Urkedal, Frode Olav Olsen"]
[Black "Bezold, Michael"]
[Result "1-0"]
[WhiteTitle "GM"]
[BlackTitle "GM"]
[WhiteElo "2528"]
[BlackElo "2479"]
[WhiteTeam "Norway Gnomes"]
[BlackTeam "Germany Bears"]
[WhiteFideId "1506102"]
[BlackFideId "4601718"]
[EventDate "2020.01.06"]

1. d4 g6 2. e4 Bg7 3. Nc3 d6 4. Be3 a6 5. Qd2 Nd7 6. Nf3 e6 7. Bd3 h6 8. Ne2 b6
9. Ng3 Bb7 10. c3 Ne7 11. O-O Nf6 12. h3 d5 13. e5 Ne4 14. Qc2 Nxg3 15. fxg3 Nf5
16. Bf2 Qd7 17. g4 Ne7 18. a4 O-O-O 19. a5 b5 20. Nd2 h5 21. Be3 Rdf8 22. Nb3
hxg4 23. Nc5 Qc6 24. hxg4 f5 25. Bg5 Bh6 26. Qd2 Bxg5 27. Qxg5 Rf7 28. Rf3 Kb8
29. Raf1 Bc8 30. Rh3 Qe8 31. Rff3 Rhf8 32. Be2 Nc6 33. b4 Ne7 34. Rh4 fxg4 35.
Rxf7 Qxf7 36. Bxg4 Qf2+ 37. Kh2 Nf5 38. Bxf5 gxf5 39. Rh7 f4 40. Qh4 Qe3 41. Qg5
Qf2 42. Nd3 Qe3 43. Qg7 Qg3+ 44. Qxg3 fxg3+ 45. Kxg3 Rf1 46. Rh8 c6 47. Rh3 Kc7
48. Nc5 1-0

[Event "PRO League Group Stage"]
[Site "chess.com INT"]
[Date "2020.01.23"]
[Round "3"]
[White "Moiseenko, Alexander"]
[Black "Martinez Reyes, Pedro Ramon"]
[Result "1/2-1/2"]
[WhiteTitle "GM"]
[BlackTitle "FM"]
[WhiteElo "2620"]
[BlackElo "2407"]
[WhiteTeam "Italy Gladiators"]
[BlackTeam "Spain Raptors"]
[WhiteFideId "14102560"]
[BlackFideId "3901807"]
[EventDate "2020.01.06"]

1. d4 Nf6 2. c4 g6 3. Nc3 Bg7 4. e4 O-O 5. f3 c6 6. Be3 d5 7. cxd5 cxd5 8. e5
Ne8 9. f4 Nc6 10. Nf3 Nc7 11. Be2 Bg4 12. O-O e6 13. h3 Bxf3 14. Rxf3 f5 15. Kh2
Qe7 16. Bf2 Rac8 17. Rc1 Qb4 18. a3 Qe7 19. b4 a6 20. Na4 Nb5 21. Nc5 Nba7 22.
Rfc3 Bh6 23. g3 g5 24. Qd2 gxf4 25. gxf4 Kh8 26. Rg3 Rg8 27. Rcg1 Rxg3 28. Rxg3
Rg8 29. Rxg8+ Kxg8 30. a4 Nd8 31. Be3 Nc8 32. Qc1 Nb6 33. a5 Nd7 34. Qg1+ Kh8
35. Qg3 Nf8 36. b5 axb5 37. Bxb5 Ng6 38. Bd7 Nf8 39. Bb5 Ng6 40. Bd7 Nf8 41. Ba4
Ng6 42. Bd7 1/2-1/2

[Event "PRO League Group Stage"]
[Site "chess.com INT"]
[Date "2020.01.23"]
[Round "3"]
[White "Valsecchi, Alessio"]
[Black "Herrera Reyes, Jose Antonio"]
[Result "1-0"]
[WhiteTitle "GM"]
[BlackTitle "FM"]
[WhiteElo "2512"]
[BlackElo "2304"]
[WhiteTeam "Italy Gladiators"]
[BlackTeam "Spain Raptors"]
[WhiteFideId "818860"]
[BlackFideId "2274914"]
[EventDate "2020.01.06"]

1. e4 c5 2. Nf3 e6 3. d4 cxd4 4. Nxd4 a6 5. Bd3 Qc7 6. O-O Nf6 7. Nc3 d6 8. Be3
Be7 9. f4 h5 10. Kh1 Nbd7 11. Qf3 b6 12. Rae1 Bb7 13. Bg1 h4 14. Qh3 O-O-O 15.
Re3 Nh5 16. Nce2 Nc5 17. b4 Na4 18. c4 Kb8 19. Bc2 Nb2 20. Rc3 Bf6 21. b5 a5 22.
Nc6+ Bxc6 23. bxc6 Ng3+ 24. Nxg3 Bxc3 25. Ne2 Bf6 26. Qb3 Ka7 27. Nd4 Bxd4 28.
Bxd4 Qxc6 29. Qxb2 e5 30. Ba4 Qb7 31. fxe5 dxe5 32. Bxb6+ Ka8 33. Qb5 h3 34.
Qxa5+ Kb8 35. Qxe5+ Ka8 36. Bxd8 hxg2+ 37. Kxg2 1-0

[Event "PRO League Group Stage"]
[Site "chess.com INT"]
[Date "2020.01.23"]
[Round "3"]
[White "Forcen Esteban, Daniel"]
[Black "Sonis, Francesco"]
[Result "1-0"]
[WhiteTitle "GM"]
[BlackTitle "IM"]
[WhiteElo "2548"]
[BlackElo "2458"]
[WhiteTeam "Spain Raptors"]
[BlackTeam "Italy Gladiators"]
[WhiteFideId "2288230"]
[BlackFideId "895733"]
[EventDate "2020.01.06"]

1. c4 e5 2. Nc3 Nf6 3. Nf3 Nc6 4. e3 Bb4 5. Qc2 Bxc3 6. Qxc3 Qe7 7. d3 d5 8.
cxd5 Nxd5 9. Qc2 O-O 10. Be2 Rd8 11. a3 a5 12. O-O a4 13. Bd2 Be6 14. Rac1 Nb6
15. Qc5 Qxc5 16. Rxc5 f6 17. Rfc1 Rd7 18. h3 Rad8 19. e4 Nc8 20. Be3 N8e7 21.
Ne1 Bb3 22. R5c3 g6 23. g3 Rc8 24. Rc5 Nd8 25. Bg4 Ne6 26. Rb5 f5 27. Bf3 f4 28.
Bd2 c5 29. gxf4 Nd4 30. Rbxc5 Rxc5 31. Rxc5 Nxf3+ 32. Nxf3 Rxd3 33. Rc3 Rxc3 34.
bxc3 exf4 35. Bxf4 Nc6 36. Bd6 Bc2 37. Nd2 Kf7 38. f3 Ke6 39. Bc5 Ne5 40. Kg2 b5
41. Kg3 Bd1 42. h4 Be2 43. Bf8 Bd1 44. Kf2 Kf7 45. Bb4 Ke6 46. f4 Nc4 47. Nf3
Bxf3 48. Kxf3 h6 49. Bc5 h5 50. Ke2 Kd7 51. Kd3 Kc6 52. Bb4 Kd7 53. f5 gxf5 54.
exf5 Ke8 55. Ke4 Kf7 56. Kf4 Kf6 57. Bc5 Nd2 58. Bd4+ Kf7 59. Kg5 Nb1 60. Bc5
Nxc3 61. Kxh5 Nd5 62. Kg5 Nf6 63. Bd4 Nd5 64. h5 b4 65. h6 Kg8 66. axb4 a3 67.
b5 a2 68. b6 Ne7 69. b7 Nc6 70. Kg6 Ne7+ 71. Kg5 Nc6 72. Ba1 Kh7 73. Bb2 Nb8 74.
f6 Nd7 75. f7 a1=Q 76. Bxa1 Nf8 77. b8=Q Ne6+ 78. Kf6 Nf8 79. Qb1+ 1-0

[Event "PRO League Group Stage"]
[Site "chess.com INT"]
[Date "2020.01.23"]
[Round "3"]
[White "Diaz Camallonga, Carles"]
[Black "Lodici, Lorenzo"]
[Result "0-1"]
[WhiteTitle "IM"]
[BlackTitle "IM"]
[WhiteElo "2474"]
[BlackElo "2477"]
[WhiteTeam "Spain Raptors"]
[BlackTeam "Italy Gladiators"]
[WhiteFideId "22235256"]
[BlackFideId "884189"]
[EventDate "2020.01.06"]

1. e4 e5 2. Nf3 Nc6 3. Bb5 a6 4. Ba4 Nf6 5. O-O Nxe4 6. d4 b5 7. Bb3 d5 8. dxe5
Be6 9. Nbd2 Nc5 10. c3 d4 11. Bxe6 Nxe6 12. cxd4 Ncxd4 13. a4 Bb4 14. Nxd4 Nxd4
15. axb5 axb5 16. Rxa8 Qxa8 17. Qg4 Qd5 18. Qxg7 Rf8 19. Qg4 Bxd2 20. Bxd2 h5
21. Qc8+ Qd8 22. Qxd8+ Kxd8 23. Rd1 Kc8 24. Be3 Nf5 25. Bg5 Kb7 26. f3 h4 27.
Kf2 c5 28. g4 hxg3+ 29. hxg3 Kc6 30. g4 Nd4 31. b4 Ra8 32. bxc5 Ra2+ 33. Ke3
Nc2+ 34. Kd3 Nb4+ 35. Ke4 Re2+ 36. Kf5 Nd5 37. Rd2 Re1 38. Ra2 b4 39. Rb2 Kxc5
40. Bd2 Rf1 41. Ke4 Kc4 42. Rc2+ Nc3+ 43. Ke3 Kb3 44. Bxc3 bxc3 45. Re2 c2 46.
Rxc2 Kxc2 47. g5 Kc3 48. Ke4 Kc4 49. f4 Kc5 50. f5 Kc6 51. e6 fxe6 52. f6 Kd6 0-1

[Event "PRO League Group Stage"]
[Site "chess.com INT"]
[Date "2020.01.23"]
[Round "3"]
[White "Wojtaszek, Radoslaw"]
[Black "Ducarmon, Quinten"]
[Result "1-0"]
[WhiteTitle "GM"]
[BlackTitle "IM"]
[WhiteElo "2725"]
[BlackElo "2486"]
[WhiteTeam "Poland Hussars"]
[BlackTeam "Netherlands Mosquitoes"]
[WhiteFideId "1118358"]
[BlackFideId "1025007"]
[EventDate "2020.01.06"]

1. Nf3 d5 2. e3 c6 3. c4 Nf6 4. Nc3 g6 5. d4 Bg7 6. Be2 O-O 7. O-O a6 8. a4 a5
9. cxd5 Nxd5 10. e4 Nb4 11. h3 Nd7 12. Bf4 Nf6 13. Qd2 Be6 14. Bh6 Qb6 15. Bxg7
Kxg7 16. Rac1 Rad8 17. Qe3 Rd7 18. Rfd1 Rfd8 19. Rd2 Na2 20. Ra1 Nb4 21. Bf1 Ne8
22. Rad1 f6 23. Ne2 Nd6 24. Nf4 Bg8 25. b3 e5 26. dxe5 Qxe3 27. fxe3 fxe5 28.
Nxe5 Re7 29. Nf3 Red7 30. e5 Bxb3 31. Rb1 Bc2 32. Ne6+ Kh6 33. Nxd8 Bxb1 34.
Rxd6 1-0

[Event "PRO League Group Stage"]
[Site "chess.com INT"]
[Date "2020.01.23"]
[Round "3"]
[White "Bartel, Mateusz"]
[Black "Vrolijk, Liam"]
[Result "1/2-1/2"]
[WhiteTitle "GM"]
[BlackTitle "IM"]
[WhiteElo "2639"]
[BlackElo "2478"]
[WhiteTeam "Poland Hussars"]
[BlackTeam "Netherlands Mosquitoes"]
[WhiteFideId "1112635"]
[BlackFideId "1048333"]
[EventDate "2020.01.06"]

1. Nf3 d5 2. e3 Nf6 3. c4 c6 4. d4 Bf5 5. Nc3 e6 6. Nh4 Be4 7. f3 Bg6 8. Qb3 Qc7
9. Bd2 Be7 10. Nxg6 hxg6 11. cxd5 cxd5 12. O-O-O Nc6 13. Kb1 Nd7 14. Rc1 Qb6 15.
Qc2 Rc8 16. Na4 Qd8 17. Bd3 a6 18. Bxg6 fxg6 19. Qxg6+ Kf8 20. Qxe6 Nf6 21. Nc5
Bxc5 22. Rxc5 Qe8 23. Rxc6 bxc6 24. Bb4+ c5 25. Bxc5+ Rxc5 26. Qxe8+ Kxe8 27.
dxc5 Kd7 28. Kc2 Kc6 29. b4 a5 30. a3 axb4 31. axb4 Ra8 32. Kb3 Kb5 33. Rd1 Ra4
34. Rd4 Ra1 35. g4 Re1 36. Rd3 Rb1+ 37. Kc2 Rxb4 38. g5 Nd7 39. Rxd5 Nxc5 40. f4
Ra4 41. f5 1/2-1/2

[Event "PRO League Group Stage"]
[Site "chess.com INT"]
[Date "2020.01.23"]
[Round "3"]
[White "Spoelman, Wouter"]
[Black "Dragun, Kamil"]
[Result "0-1"]
[WhiteTitle "GM"]
[BlackTitle "GM"]
[WhiteElo "2578"]
[BlackElo "2587"]
[WhiteTeam "Netherlands Mosquitoes"]
[BlackTeam "Poland Hussars"]
[WhiteFideId "1010891"]
[BlackFideId "1134167"]
[EventDate "2020.01.06"]

1. c4 Nf6 2. Nf3 e6 3. b3 c5 4. Bb2 b6 5. g3 Bb7 6. Bg2 Be7 7. O-O O-O 8. e3 d5
9. cxd5 Nxd5 10. d4 Nc6 11. dxc5 Bxc5 12. Nbd2 Be7 13. Nc4 Bf6 14. Nfe5 Nxe5 15.
Bxe5 b5 16. Bxf6 Qxf6 17. Nd6 Nc3 18. Qg4 Bxg2 19. Kxg2 Qe5 20. Qf4 Qd5+ 21. e4
Qc6 22. Rfc1 b4 23. f3 Rad8 24. e5 a5 25. a3 f6 26. Ne4 fxe5 27. Qxe5 Rd5 28.
Rxc3 bxc3 29. Qxc3 Qxc3 30. Nxc3 Rd2+ 31. Kg1 Rxf3 32. Rc1 Rb2 33. Ne4 h6 34.
Nc5 e5 35. Rd1 Rff2 36. Nd3 Rg2+ 37. Kf1 Ra2 38. Nxe5 Rxh2 39. Kg1 Rag2+ 40. Kf1
Rxg3 41. Rd8+ Kh7 42. Nd3 Rd2 0-1

[Event "PRO League Group Stage"]
[Site "chess.com INT"]
[Date "2020.01.23"]
[Round "3"]
[White "Klein, David"]
[Black "Nasuta, Grzegorz"]
[Result "0-1"]
[WhiteTitle "GM"]
[BlackTitle "GM"]
[WhiteElo "2495"]
[BlackElo "2561"]
[WhiteTeam "Netherlands Mosquitoes"]
[BlackTeam "Poland Hussars"]
[WhiteFideId "1003623"]
[BlackFideId "1141686"]
[EventDate "2020.01.06"]

1. Nf3 Nf6 2. c4 c5 3. g3 d5 4. cxd5 Nxd5 5. Bg2 Nc6 6. Nc3 g6 7. h4 h6 8. d3
Bg7 9. Bd2 Be6 10. a3 Qd7 11. Rc1 b6 12. Qa4 Rd8 13. O-O O-O 14. Rfe1 Kh7 15. h5
Nd4 16. Qxd7 Rxd7 17. hxg6+ fxg6 18. Nxd4 Bxd4 19. Rf1 Nf6 20. b4 c4 21. Nb5 Be5
22. Bc6 cxd3 23. e3 Rdd8 24. Nxa7 Bd5 25. f3 Bb8 26. Bxd5 Rxd5 27. Nc6 Bxg3 28.
Nd4 Bd6 29. Ne6 Ra8 30. Rc3 Re5 31. Nf4 Rg5+ 32. Ng2 Rd5 33. Rb1 Be5 34. Rcb3
Rd7 35. Rc1 Bd6 36. e4 Be5 37. Kf1 Rda7 38. Rxd3 Rxa3 39. Rxa3 Rxa3 40. Ke2 Bd6
41. Rc2 Rb3 42. Ne3 Kg7 43. Nc4 Bxb4 44. Be3 Bc5 45. Bxc5 bxc5 46. Ne5 Rb5 47.
Nd3 Nd7 48. Ke3 h5 49. Ke2 h4 50. Nf4 Nf6 51. Kf2 Kf7 52. Nd3 Nd7 53. Nf4 Rb3
54. Nd5 Ne5 55. f4 Nd3+ 56. Kf1 Rb1+ 57. Ke2 Rb2 58. Rxb2 Nxb2 59. Kf3 c4 60.
Nc3 Nd3 61. Kg4 e5 62. fxe5 Ke6 63. Kxh4 Kxe5 64. Kg5 Kd4 65. Nb5+ Kc5 66. Nc3
Ne5 67. Kf6 Kd4 68. Nb5+ Kxe4 69. Ke6 g5 70. Kf6 g4 71. Nc3+ Kd4 72. Ne2+ Ke4
73. Nc3+ Kd3 74. Nd5 Nc6 75. Kg5 Ne5 76. Kf4 c3 77. Kxe5 g3 78. Nf4+ Kd2 0-1

[Event "PRO League Group Stage"]
[Site "chess.com INT"]
[Date "2020.01.23"]
[Round "3"]
[White "Urkedal, Frode Olav Olsen"]
[Black "Korobov, Anton"]
[Result "0-1"]
[WhiteTitle "GM"]
[BlackTitle "GM"]
[WhiteElo "2528"]
[BlackElo "2685"]
[WhiteTeam "Norway Gnomes"]
[BlackTeam "Germany Bears"]
[WhiteFideId "1506102"]
[BlackFideId "14105730"]
[EventDate "2020.01.06"]

1. d4 d5 2. c4 c6 3. cxd5 cxd5 4. Nc3 Nf6 5. Bf4 Nc6 6. e3 a6 7. Bd3 Bg4 8. f3
Bd7 9. Nge2 e6 10. Bg3 Be7 11. O-O O-O 12. Rc1 b5 13. Bb1 Rc8 14. Nf4 Na5 15.
Nd3 Nc4 16. Bf2 Qa5 17. Ne2 b4 18. Rc2 Bb5 19. Qc1 Nb6 20. Rd1 Rxc2 21. Qxc2 Rc8
22. Qd2 Nc4 23. Qe1 Qd8 24. Rc1 a5 25. Nef4 a4 26. Nc5 e5 27. Nfd3 e4 28. Nxb4
exf3 29. gxf3 Bxc5 30. dxc5 Rxc5 31. b3 Ne5 32. Kg2 Rxc1 33. Qxc1 Be2 34. f4
Bf3+ 35. Kg1 Neg4 36. Bh4 axb3 37. axb3 Qe8 38. Nc6 Ne4 39. Ne7+ Kh8 40. Nxd5 f6
41. Nb6 Nd6 42. Qd2 Bb7 43. h3 Qc6 44. hxg4 Qh1+ 45. Kf2 Qxh4+ 46. Ke2 Qxg4+ 47.
Kd3 Qe6 48. Nc4 Nxc4 49. bxc4 Be4+ 50. Kc3 Bxb1 51. Qd8+ Qg8 52. Qxg8+ Kxg8 53.
Kd4 Bf5 0-1

[Event "PRO League Group Stage"]
[Site "chess.com INT"]
[Date "2020.01.23"]
[Round "3"]
[White "Hammer, Jon Ludvig"]
[Black "Braun, Arik"]
[Result "1-0"]
[WhiteTitle "GM"]
[BlackTitle "GM"]
[WhiteElo "2628"]
[BlackElo "2605"]
[WhiteTeam "Norway Gnomes"]
[BlackTeam "Germany Bears"]
[WhiteFideId "1503707"]
[BlackFideId "4663527"]
[EventDate "2020.01.06"]

1. c4 g6 2. g3 Bg7 3. Bg2 e6 4. d4 Ne7 5. e3 d5 6. Ne2 O-O 7. O-O b6 8. Nbc3 Ba6
9. cxd5 exd5 10. b4 Bc4 11. b5 a6 12. Ba3 Re8 13. Bxe7 Rxe7 14. a4 c6 15. Rb1
axb5 16. axb5 Ra5 17. Re1 cxb5 18. Nf4 b4 19. Rxb4 Na6 20. Rb2 Bh6 21. Nfxd5
Bxd5 22. Nxd5 Rxd5 23. Bxd5 Qxd5 24. Rxb6 Nc7 25. Qb3 Qf3 26. e4 Qxb3 27. Rxb3
f5 28. e5 Rd7 29. Rb7 Re7 30. Ra1 Bf8 31. Raa7 Nd5 32. Rxe7 Nxe7 33. Rd7 Nc6 34.
e6 Bb4 35. Kf1 Kf8 36. Ke2 Ke8 37. Kd3 Be7 38. Kc4 Na5+ 39. Kd5 Nb3 40. Rb7 Nd2
41. Rb8+ Bd8 42. Kc6 Nf3 43. d5 Ne5+ 44. Kc5 Nd3+ 45. Kd4 Nxf2 46. d6 Ne4 47. e7 1-0

[Event "PRO League Group Stage"]
[Site "chess.com INT"]
[Date "2020.01.23"]
[Round "3"]
[White "Mons, Leon"]
[Black "Niemann, Hans Moke"]
[Result "0-1"]
[WhiteTitle "GM"]
[BlackTitle "IM"]
[WhiteElo "2554"]
[BlackElo "2465"]
[WhiteTeam "Germany Bears"]
[BlackTeam "Norway Gnomes"]
[WhiteFideId "4614950"]
[BlackFideId "2093596"]
[EventDate "2020.01.06"]

1. Nf3 c5 2. e3 Nf6 3. c4 g6 4. d4 Bg7 5. d5 O-O 6. Nc3 d6 7. h3 Na6 8. Bd3 e6
9. O-O e5 10. e4 Kh8 11. a3 Ng8 12. Rb1 f5 13. b4 f4 14. Be2 h5 15. Ne1 Nf6 16.
Nd3 b6 17. bxc5 Nxc5 18. Nxc5 bxc5 19. Qa4 a6 20. Qc6 Ra7 21. Rb8 Rc7 22. Qa4
Nd7 23. Rb1 Nf6 24. Bd2 g5 25. f3 g4 26. fxg4 hxg4 27. hxg4 Nxg4 28. Rf3 Nf6 29.
Rf2 Bh6 30. Bf3 Bg5 31. Ne2 Rh7 32. Rb8 Qc7 33. Qb3 Qg7 34. Qb6 Qh6 35. Kf1 Nd7
36. Qc7 Nxb8 37. Qxb8 Bh4 38. g3 Bh3+ 0-1

[Event "PRO League Group Stage"]
[Site "chess.com INT"]
[Date "2020.01.23"]
[Round "3"]
[White "Diaz Camallonga, Carles"]
[Black "Moiseenko, Alexander"]
[Result "0-1"]
[WhiteTitle "IM"]
[BlackTitle "GM"]
[WhiteElo "2474"]
[BlackElo "2620"]
[WhiteTeam "Spain Raptors"]
[BlackTeam "Italy Gladiators"]
[WhiteFideId "22235256"]
[BlackFideId "14102560"]
[EventDate "2020.01.06"]

1. e4 c5 2. Nf3 Nc6 3. d4 cxd4 4. Nxd4 Nf6 5. Nc3 e5 6. Ndb5 d6 7. Bg5 a6 8. Na3
b5 9. Nd5 Be7 10. Bxf6 Bxf6 11. c4 b4 12. Nc2 O-O 13. g3 Bg5 14. Bg2 a5 15. O-O
Be6 16. Qd3 Bh6 17. Rad1 Ra7 18. Kh1 Rd7 19. f4 exf4 20. gxf4 Kh8 21. Nde3 f6
22. Nf5 Qc7 23. Nce3 Ne7 24. Nxh6 gxh6 25. b3 Qc5 26. f5 Bf7 27. Qd2 Bh5 28.
Rde1 Rg8 29. Nc2 Qe5 30. Qxh6 Rg5 31. Bf3 Ng8 32. Qxh5 Rxh5 33. Bxh5 Rg7 34. Ne3
Nh6 35. Bf3 Nf7 36. Nd5 Ng5 37. Bg2 h5 38. Nf4 h4 39. Ng6+ Rxg6 40. fxg6 h3 41.
Bf3 Qf4 42. Bh5 Qd2 43. Re2 Qd3 44. Rfe1 Kg7 45. Bg4 Kxg6 46. Re3 Qd2 47. R3e2
Qf4 48. Bf5+ Kf7 49. Rc2 Qf3+ 50. Kg1 Qd3 51. Ree2 Nf3+ 52. Kf1 Nd4 53. Rd2 Qf3+
54. Ke1 Qh1+ 55. Kf2 Qxh2+ 56. Ke3 Nxe2 57. Rxe2 Qg1+ 58. Kd2 h2 0-1

[Event "PRO League Group Stage"]
[Site "chess.com INT"]
[Date "2020.01.23"]
[Round "3"]
[White "Forcen Esteban, Daniel"]
[Black "Valsecchi, Alessio"]
[Result "1-0"]
[WhiteTitle "GM"]
[BlackTitle "GM"]
[WhiteElo "2548"]
[BlackElo "2512"]
[WhiteTeam "Spain Raptors"]
[BlackTeam "Italy Gladiators"]
[WhiteFideId "2288230"]
[BlackFideId "818860"]
[EventDate "2020.01.06"]

1. c4 c5 2. Nc3 Nc6 3. g3 g6 4. Bg2 Bg7 5. a3 d6 6. Rb1 e6 7. b4 Nge7 8. h4 h6
9. Nf3 O-O 10. b5 Na5 11. Qa4 d5 12. cxd5 exd5 13. O-O Bf5 14. Rb2 d4 15. Nd1 b6
16. d3 Nd5 17. Rc2 Re8 18. Re1 Qd7 19. Bd2 a6 20. Bxa5 axb5 21. Qb3 Rxa5 22.
Nxd4 c4 23. dxc4 bxc4 24. Rxc4 Bg4 25. Nc6 Raa8 26. Rxg4 Qxg4 27. Bxd5 Kh7 28.
Ne3 Qd7 29. Nb4 Rad8 30. Bc6 Qd2 31. Rd1 Qxe2 32. Bxe8 Rxe8 33. Rd7 Qf3 34. Qxf7
Qxf7 35. Rxf7 Ra8 36. Nbc2 Kg8 37. Rb7 Ra6 38. Nc4 g5 39. hxg5 hxg5 40. Rxb6 Ra4
41. N2e3 Kf7 42. Kg2 Bf8 43. Rb5 Bxa3 44. Nxa3 Rxa3 45. Rxg5 1-0

[Event "PRO League Group Stage"]
[Site "chess.com INT"]
[Date "2020.01.23"]
[Round "3"]
[White "Sonis, Francesco"]
[Black "Herrera Reyes, Jose Antonio"]
[Result "0-1"]
[WhiteTitle "IM"]
[BlackTitle "FM"]
[WhiteElo "2458"]
[BlackElo "2304"]
[WhiteTeam "Italy Gladiators"]
[BlackTeam "Spain Raptors"]
[WhiteFideId "895733"]
[BlackFideId "2274914"]
[EventDate "2020.01.06"]

1. c4 Nf6 2. Nc3 c5 3. g3 h5 4. h4 e6 5. Nf3 b6 6. Bg2 Bb7 7. O-O a6 8. Re1 Qc7
9. e4 d6 10. b3 Nbd7 11. Bb2 Be7 12. Qe2 Ng4 13. Rad1 Nde5 14. d4 Nxf3+ 15. Bxf3
cxd4 16. Rxd4 Ne5 17. Bg2 g5 18. hxg5 h4 19. gxh4 Rxh4 20. Qe3 O-O-O 21. Na4
Bxg5 22. Qxg5 Rg4 23. Qe3 Rdg8 24. Kf1 Rxg2 25. Rd2 Nxc4 26. bxc4 Qxc4+ 27. Qd3
Qxa4 28. Rc1+ Kb8 29. Ke2 Ka8 30. Bd4 Qa5 31. Rc7 Qh5+ 32. Qf3 R2g4 33. Be3 Qb5+
34. Kd1 Rg1+ 35. Kc2 Qb1+ 36. Kc3 Rc1+ 37. Kd4 e5# 0-1

[Event "PRO League Group Stage"]
[Site "chess.com INT"]
[Date "2020.01.23"]
[Round "3"]
[White "Lodici, Lorenzo"]
[Black "Martinez Reyes, Pedro Ramon"]
[Result "1-0"]
[WhiteTitle "IM"]
[BlackTitle "FM"]
[WhiteElo "2477"]
[BlackElo "2407"]
[WhiteTeam "Italy Gladiators"]
[BlackTeam "Spain Raptors"]
[WhiteFideId "884189"]
[BlackFideId "3901807"]
[EventDate "2020.01.06"]

1. d4 Nf6 2. c4 g6 3. g3 c5 4. dxc5 Qa5+ 5. Nd2 Bg7 6. a3 Qxc5 7. Bg2 Ng4 8. e3
Ne5 9. Qe2 d5 10. Bxd5 O-O 11. Ngf3 Ng4 12. Nd4 Nc6 13. Nxc6 bxc6 14. Bg2 Rb8
15. b4 Qh5 16. Rb1 Bf5 17. e4 Be6 18. h3 Ne5 19. Qxh5 gxh5 20. Bf1 Rfd8 21. Rb3
Rd4 22. Bb2 Rxd2 23. Kxd2 Nxc4+ 24. Bxc4 Bxc4 25. Bxg7 Bxb3 26. Bd4 a6 27. Bc5
Rb7 28. Kc3 Be6 29. g4 hxg4 30. hxg4 Rd7 31. g5 f5 32. Rh6 Bf7 33. exf5 Bd5 34.
Bd4 Be4 35. g6 Bxf5 36. gxh7+ Bxh7 37. Rxc6 e5 38. Be3 Rd3+ 39. Kb2 Be4 40. Rxa6
Kf7 41. b5 Bd5 42. a4 Rb3+ 43. Kc2 Ra3 44. b6 Ke8 45. Ra5 Bc6 46. Rxe5+ Kd7 47.
a5 Kc8 48. Re7 Bd5 49. Rc7+ Kb8 50. Bf4 Ra2+ 51. Kd3 Ra3+ 52. Kd4 Rxa5 53. Ra7+ 1-0

[Event "PRO League Group Stage"]
[Site "chess.com INT"]
[Date "2020.01.23"]
[Round "3"]
[White "Klein, David"]
[Black "Wojtaszek, Radoslaw"]
[Result "1/2-1/2"]
[WhiteTitle "GM"]
[BlackTitle "GM"]
[WhiteElo "2495"]
[BlackElo "2725"]
[WhiteTeam "Netherlands Mosquitoes"]
[BlackTeam "Poland Hussars"]
[WhiteFideId "1003623"]
[BlackFideId "1118358"]
[EventDate "2020.01.06"]

1. Nf3 d5 2. c4 e6 3. g3 Nf6 4. Bg2 dxc4 5. Qa4+ Nbd7 6. Qxc4 a6 7. O-O b5 8.
Qc2 Bb7 9. b3 c5 10. Bb2 Be7 11. d3 O-O 12. Nbd2 Qb6 13. Rac1 Rac8 14. Qb1 Rfd8
15. Rc2 Nd5 16. Qa1 Bf6 17. Bxf6 N7xf6 18. Rfc1 Nb4 19. Rb2 Rc7 20. a3 Nbd5 21.
Rbc2 Rdc8 22. Qb2 h6 23. Ne5 Kf8 24. Ndf3 Ne7 25. h4 Kg8 26. d4 cxd4 27. Rxc7
Rxc7 28. Rxc7 Qxc7 29. Qxd4 Bd5 30. Qb2 Ne4 31. b4 Qc3 32. Qxc3 Nxc3 33. Nd7
Nxe2+ 34. Kh2 Nc6 35. Nc5 a5 36. bxa5 Nxa5 37. Ne5 Kf8 38. Ned3 Ke7 39. a4 Bc4
40. axb5 Bxb5 41. Nb4 Nd4 42. Ne4 Nab3 43. Na2 f5 44. Nec3 Bc4 45. Nd1 Nd2 46.
Nac3 e5 47. Ne3 Bd3 48. f4 e4 49. Bh3 g6 50. h5 gxh5 51. Nxf5+ Nxf5 52. Bxf5 Kd6
53. Bg6 Kc5 54. Bxh5 Kd4 55. Ne2+ Ke3 56. Nc3 Bc4 57. Bg6 Kd4 58. Nxe4 Nxe4 59.
g4 Be2 60. g5 h5 61. Kh3 Ke3 62. Kh4 Kxf4 63. Bxh5 Bc4 64. Bg6 Nxg5 65. Bc2 Be6
66. Kh5 Nf7 67. Kg6 Ne5+ 68. Kf6 Bg4 69. Bb1 Be2 70. Ke6 Ng4 71. Bc2 Bc4+ 72.
Kd6 Ne3 73. Bb1 Bg8 74. Bg6 Nc4+ 75. Kc5 Ke5 76. Bd3 Nd6 77. Bc2 Bd5 78. Bd1
Nb7+ 79. Kb4 Kd4 80. Bg4 Nd6 81. Ka3 Kc3 82. Ka4 Nc4 83. Kb5 Kd4 84. Kb4 Nd6 85.
Bh3 Bc4 86. Bg4 Ne4 87. Bf5 Nc3 88. Bg4 Nd5+ 89. Ka3 Ne3 90. Bh3 Kc3 91. Ka4 Kd4
92. Kb4 Nd5+ 93. Ka4 1/2-1/2